Who said it? Neil deGrasse Tyson or an 18th Century Pirate? - Statistics

General Stats
  • This quiz has been taken 19 times
  • The average score is 7 of 8
Answer Stats
Question Answer % Correct
“We are all connected; To each other, biologically. To the earth, chemically. To the rest of the universe atomically.” Neil deGrasse Tyson
95%
“There’s as many atoms in a single molecule of your DNA as there are stars in the typical galaxy. We are, each of us, a little universe.” Neil deGrasse Tyson
95%
"Arrgh...Where's me treasure? Hand over me booty or I'll crush ye barnacles & make you walk the plank." 18th Century Pirate
84%
“The Universe is under no obligation to make sense to you.” Neil deGrasse Tyson
79%
“The more I learn about the universe, the less convinced I am that there's any sort of benevolent force that has anything to do with it, at all.” Neil deGrasse Tyson
79%
“Knowing how to think empowers you far beyond those who know only what to think.” Neil deGrasse Tyson
74%
“We are stardust brought to life, then empowered by the universe to figure itself out—and we have only just begun.” Neil deGrasse Tyson
74%
“Not only do we live among the stars, the stars live within us.” Neil deGrasse Tyson
74%
No matching quizzes found
Score Distribution
Percent of People with Each Score
Percentile by Number Answered
Your Score History
You have not taken this quiz